La producción de vivienda y el papel del Estado hondureño /
Zapisane w:
| 1. autor: | |
|---|---|
| Format: | Praca dyplomowa |
| Wydane: |
San José:
Universidad de Costa Rica
|
| Etykiety: |
Dodaj etykietę
Nie ma etykietki, Dołącz pierwszą etykiete!
|
MARC
| LEADER | 00000 a a2200000 04500 | ||
|---|---|---|---|
| 001 | 20423 | ||
| 003 | |||
| 040 | |a CRAI/IIS |c CRAI/IIS | ||
| 090 | |a 08548.00 | ||
| 100 | |a Flores, Roberto José | ||
| 245 | |a La producción de vivienda y el papel del Estado hondureño / |c Roberto José Flores | ||
| 260 | |a San José: |b Universidad de Costa Rica | ||
| 300 | |a 154 páginas | ||
| 502 | |a Tesis (Licenciado en Sociología) -- Universidad de Costa Rica. Facultad de Ciencias Sociales. Escuela de Antropología y Sociología, 1981 | ||
| 999 | |c 17910 |d 17910 | ||
